Clonal variations in the activity of 3-Hydroxy-3-Methyl glutaryl-CoA reductase in bark of Hevea brasiliensis (Record no. 55754)

MARC details
000 -LEADER
fixed length control field 00906nam a2200229Ia 4500
100 ## - MAIN ENTRY--AUTHOR NAME
Personal name Nair N U
245 #0 - TITLE STATEMENT
Title Clonal variations in the activity of 3-Hydroxy-3-Methyl glutaryl-CoA reductase in bark of Hevea brasiliensis
260 ## - PUBLICATION, DISTRIBUTION, ETC. (IMPRINT)
Name of publisher Indian Journal of Natural Rubber Research
Year of publication 1990
300 ## - PHYSICAL DESCRIPTION
Number of Pages 40-42
520 ## - SUMMARY, ETC.
Summary, etc HMG-CoA reductase activity in the bark of Hevea brasiliensis was estimated in four clones with contrasting yield characteristics. Significant difference in bark enzyme activity was observed between the high yielding and low yielding clones.
650 ## - SUBJECT ADDED ENTRY--TOPICAL TERM
Topical Term Clonal variation
650 ## - SUBJECT ADDED ENTRY--TOPICAL TERM
Topical Term Hevea brasiliensis
650 ## - SUBJECT ADDED ENTRY--TOPICAL TERM
Topical Term HMG CoA reductase
650 ## - SUBJECT ADDED ENTRY--TOPICAL TERM
Topical Term Rubber biosynthetic capacity
700 ## - ADDED ENTRY--PERSONAL NAME
Personal name George P J
700 ## - ADDED ENTRY--PERSONAL NAME
Personal name Simon S P
700 ## - ADDED ENTRY--PERSONAL NAME
Personal name Sreelatha S
700 ## - ADDED ENTRY--PERSONAL NAME
Personal name Thomas M
700 ## - ADDED ENTRY--PERSONAL NAME
Personal name Vijayakumar K R
942 ## - ADDED ENTRY ELEMENTS (KOHA)
Koha item type Journals
Holdings
Withdrawn status Lost status Damaged status Not for loan Home library Current library Date acquired Serial Enumeration / chronology Koha item type
      Journals RRII Library RRII Library 17/12/2021 Volume 3, Issue 1 Journals